| 000 | 00529nam a22001217a 4500 | ||
|---|---|---|---|
| 040 | _cVONG PHANNITH, RUA | ||
| 082 | _aMGR CHI 2025 B707 Or.1 | ||
| 100 | _aCHIM, PHA / ជីម ផា | ||
| 245 | _aStudy on different application pf calcium on the growth of melon (Cucumis melo L.), សិក្សាកម្រិតកាល់ស្យូម លើការលូតលាស់នៃដំណាំត្រសក់ផ្អែម | ||
| 260 |
_aPHNOM PENH _bRUA _c2025 |
||
| 300 |
_aix,37p. _bill. _c29cm. |
||
| 942 | _cNRM | ||
| 999 |
_c25849 _d25849 |
||